000
00317nam a2200133Ia 4500
008
230917s9999||||xx |||||||||||||| ||und||
040
_e
131527
_a
MAIN
041
_a
English
082
_a
658 C266C
245
0
_a
Case studies in management. V4
260
_a
Hyderabad
_b
ICFAI
_c
2004
300
_a
590 p.
942
_c
BK
999
_c
139802
_d
139802